Trúng số độc đắc /
Cuốn Trúng số độc đắc này đã vẽ lại con đường rất biện chứng, biến một anh ký kiết ra một tay cự phú, với các hoàn cảnh gia đình, xã hội vây quanh anh ta.
Сохранить в:
| Главный автор: | |
|---|---|
| Формат: | |
| Язык: | Vietnamese |
| Опубликовано: |
Hà Nội :
Hội nhà văn,
2000.
|
| Предметы: | |
| Метки: |
Добавить метку
Нет меток, Требуется 1-ая метка записи!
|
| Thư viện lưu trữ: | Mạng thư viện Đại học Đà Nẵng |
|---|
| LEADER | 01184cam a2200373 i 4500 | ||
|---|---|---|---|
| 001 | 000046537 | ||
| 003 | 6035 | ||
| 005 | 20040524100303.0 | ||
| 008 | 010307b2000 vm 000 vie | ||
| 020 | |c 28500 | ||
| 040 | |a IRC |c IRC |d IRC | ||
| 041 | 0 | |a vie | |
| 082 | 1 | 4 | |a 895.92332 |b VU-P |
| 100 | 1 | |a Vũ Trọng Phụng. | |
| 245 | 0 | 0 | |a Trúng số độc đắc / |c Vũ Trọng Phụng. |
| 260 | |a Hà Nội : |b Hội nhà văn, |c 2000. | ||
| 300 | |a 332tr. ; |c 19cm. | ||
| 520 | 3 | |a Cuốn Trúng số độc đắc này đã vẽ lại con đường rất biện chứng, biến một anh ký kiết ra một tay cự phú, với các hoàn cảnh gia đình, xã hội vây quanh anh ta. | |
| 600 | 1 | 4 | |a Vũ Trọng Phụng, |d 1912-1939. |
| 630 | 0 | 4 | |a Tiểu thuyết. |
| 630 | 0 | 4 | |a Vũ Trọng Phụng. |
| 630 | 0 | 4 | |a Văn học Việt. |
| 650 | 0 | 4 | |a Vũ Trọng Phụng, |d 1912-1939. |
| 650 | 0 | 4 | |a Văn học Việt |x Tiểu thuyết. |
| OWN | |a DUT | ||
| 999 | |a From the UDN01 | ||
| TYP | |a Monograph | ||
| TYP | |a Printed language | ||
| 980 | |a Mạng thư viện Đại học Đà Nẵng | ||